| 000 | 00505nam a22001817a 4500 | ||
|---|---|---|---|
| 003 | NUST - PNEC | ||
| 005 | 20170116180952.0 | ||
| 008 | 150624b xxu||||| |||| 00| 0 eng d | ||
| 020 | _a0070649286 | ||
| 040 | _cLIBRARY | ||
| 082 | _a621.3815 TOK | ||
| 100 |
_96019 _aTokheim, Roger L. |
||
| 245 |
_aSchaum's outline of theory and problems of digital principles _cTokheim, Roger L. |
||
| 260 | _cc.1980 | ||
| 300 |
_a323 p. : _c27 cm |
||
| 650 |
_96020 _aDigital electronics _xEL, EE |
||
| 942 |
_2ddc _cBK |
||
| 999 |
_c66448 _d66448 |
||